| 000 | 00729nam a2200289Ia 4500 | ||
|---|---|---|---|
| 001 | 84799 | ||
| 003 | IT-RoPAU | ||
| 008 | 130308s9999 xx 000 0 und d | ||
| 040 | _aIT-RoPAU | ||
| 040 | _cIT-RoPAU | ||
| 041 | _aITALIANO | ||
| 100 | _aCesaretti Paolo | ||
| 100 | _gCodice Aut. SPICS: 29813 | ||
| 245 | _aBisanzio nelle parole | ||
| 245 | _bStrumenti Critici 61 | ||
| 250 | _a1a ed. | ||
| 260 | _aBOLOGNA | ||
| 260 | _bIl Mulino | ||
| 260 | _c1989 [1° Ed.:1989 - Ed.Ling.Originale:1989] | ||
| 300 | _a"19 p. (prefazione: no ; testo: 19 [pagine: 337-355])" | ||
| 650 | _aSAGGI DI LINGUISTICA | ||
| 650 | _eCodice materia Spics: 3207 | ||
| 942 | _cBK | ||
| 957 | _71 | ||
| 999 |
_c39721 _d39721 |
||
| 999 | _bSI | ||
| 999 | _g1 | ||